| 000 | 00735nam a22001817a 4500 | ||
|---|---|---|---|
| 999 |
_c12786 _d12786 |
||
| 003 | AR-CdUCM | ||
| 008 | 190410b ||||| |||| 00| 0 spa d | ||
| 040 |
_aMUNICIPALIDAD PROVINCIAL DEL CUSCO _cBIBLIOTECA MUNICIPAL DEL CUSCO |
||
| 082 |
_a364.1 / _bm49 |
||
| 100 |
_aMezger, Edmundo _930848 |
||
| 245 | _aCriminología / | ||
| 260 |
_aMadrid : _bEditorial revista de derecho privado, |
||
| 300 |
_a301 páginas _c23 cm. |
||
| 505 | _aContenido :La concepción antropológica del delito -- La concepción psicopatologica del delito -- La concepción biológica del delito -- La concepción sociológica del delito -- La concepción dinámica del delito ... | ||
| 650 |
_aDerecho penal _95831 |
||
| 942 |
_2ddc _cLIBROS |
||
| 945 | _arum | ||